000 00534nam a2200193Ia 4500
008 090124s9999 xx 000 0 und d
082 _b132807
100 _aजोषी दिनकर
245 _a प्रतिनायक
250 _a1
260 _c2004
300 _a590
600 _aजोषी दिनकर
630 _a प्रतिनायक
700 _aभागवत स्मिता
700 _aजोषी दिनकर
730 _a प्रतिनायक
942 _cBOOK
999 _c178954
_d178954